The World's worst weeds : distribution and biology /
Guardado en:
| Autor Corporativo: | |
|---|---|
| Otros Autores: | |
| Formato: | Libro |
| Idioma: | English |
| Publicado: |
Honolulu :
Published for the East-West Center by the University Press of Hawaii,
c1977.
|
| Etiquetas: |
Agregar Etiqueta
Sin Etiquetas, Sea el primero en etiquetar este registro!
|
| LEADER | 00782cam a2200229 a 4500 | ||
|---|---|---|---|
| 001 | EEA.libagro010441 | ||
| 005 | 20160922113606.0 | ||
| 008 | 771108s1977####hiua#####b####001#0#eng## | ||
| 010 | |a 74078866 | ||
| 020 | |a 0824802950 | ||
| 040 | |a DLC |c DLC |d DLC | ||
| 050 | 0 | 0 | |a SB611 |b .W67 |
| 082 | 0 | 0 | |a 632.58 |
| 245 | 0 | 4 | |a The World's worst weeds : |b distribution and biology / |c LeRoy G. Holm ... [et al.]. |
| 260 | |a Honolulu : |b Published for the East-West Center by the University Press of Hawaii, |c c1977. | ||
| 300 | |a xii, 609 p. : |b il. ; |c 29 cm. | ||
| 500 | |a Sponsored by East-West Center. | ||
| 500 | |a Incluye índices. | ||
| 504 | |a Bibliografía: p. 565-586. | ||
| 700 | 1 | |a Holm, LeRoy G. | |
| 710 | 2 | |a East-West Center. | |
| 859 | |a AR-BbBCA |b BIB. AGRONOMIA |h 632.58 |i H747-1 |p 2015/6552 | ||
